Metallica Lyrics – #19: Master of Puppets - Statistics

General Stats
  • This quiz has been taken 175 times
  • The average score is 120 of 185
Answer Stats
Answer % Correct
of
97%
you
97%
You
97%
your
95%
Your
95%
I
94%
Master,
93%
master
93%
master,
93%
Master
93%
a
92%
I'm
87%
puppets,
87%
pulling
78%
see
77%
strings
77%
is
74%
me,
73%
me!
73%
and
71%
hear
71%
all
70%
All
70%
away
70%
on
70%
my
69%
source
68%
will
68%
dreams
67%
End
67%
play,
67%
to
67%
crumbling
66%
Life
66%
life
66%
Obey
66%
the
66%
faster
65%
Just
65%
mind
65%
passion
65%
by
64%
need
64%
that
64%
that,
64%
Twisting
63%
call
62%
how
61%
killing
61%
scream
61%
self-destruction
61%
with
61%
dedicated
60%
more
59%
name,
59%
death
58%
can't
57%
clear
57%
smashing
57%
at
55%
fear,
55%
I'll
55%
Taste
55%
thing
55%
burns
54%
Come
53%
after?
51%
Laughter,
51%
laughter
51%
way,
51%
I've
50%
lies
50%
never
50%
been
49%
Blinded
49%
Laughing
49%
sucking
49%
crawling
48%
cries
46%
only
46%
construction
45%
mirror
45%
'cause
44%
promised
44%
Veins
44%
without
44%
breakfast
43%
death's
43%
misery
43%
pump
43%
reason
43%
Where's
43%
clearer
42%
habitat
42%
natural
42%
becoming
41%
out
41%
Pain
40%
darkest
39%
die
39%
help
39%
Leading
39%
monopoly,
39%
Now
39%
worth
39%
Chop
38%
Fix
38%
run
38%
betray
37%
rhyme
37%
too
35%
Hell
34%
season
34%
occupy
32%
ritual
30%
through
30%
rule
28%
days
26%
Needlework
26%
You're
24%
Never-ending
23%
drift
22%
maze,
22%
numbered
22%
No matching quizzes found
Score Distribution
Percent of People with Each Score
Percentile by Number Answered
Your Score History
You have not taken this quiz